[Event "USA-ch U20"]
[Site "Saint Louis"]
[Date "2024.07.25"]
[Round "9"]
[White "Woodward, Andy"]
[Black "Wang, Jason"]
[Result "1-0"]
[WhiteElo "2523"]
[BlackElo "2425"]
[PlyCount "93"]
[EventDate "2024.07.16"]
[EventType "tourn"]
[EventRounds "9"]
[EventCountry "USA"]
[EventCategory "9"]
[SourceTitle "EXT 2025"]
[Source "ChessBase"]
[SourceDate "2024.10.14"]
[SourceVersion "1"]
[SourceVersionDate "2024.10.14"]
[SourceQuality "1"]

1. d4 d5 2. c4 e6 3. Nf3 Nf6 4. g3 Bb4+ 5. Bd2 Be7 6. Bg2 0-0 7. 0-0 c6 8. b3 b6 9. Bc1 Nbd7 10. Bb2 a5 11. Qc2 b5 12. c5 b4 13. Ne1 Ba6 14. Nd3 Qc7 15. a3 Bxd3 16. Qxd3 e5 17. e3 e4 18. Qe2 g6 19. Nd2 Nh5 20. Ra2 f5 21. Rfa1 Qb7 22. Nf1 Ndf6 23. Bc1 g5 24. Bd2 f4 25. exf4 gxf4 26. gxf4 Ng7 27. Ng3 h5 28. Bh3 Kh7 29. Qe3 Ng8 30. f3 h4 31. Nxe4 dxe4 32. fxe4 Nf6 33. Kh1 Rae8 34. axb4 Bd8 35. e5 Nd5 36. Qd3+ Kh8 37. f5 Nxb4 38. Bxb4 Qxb4 39. Rg1 Rf7 40. Rag2 Nh5 41. Qf3 Rh7 42. Qxc6 Rf8 43. Qd5 Ng3+ 44. hxg3 Qc3 45. Kh2 Rg8 46. f6 Qe3 47. gxh4 1-0

[Event "USA-ch U20"]
[Site "Saint Louis"]
[Date "2024.07.18"]
[Round "3"]
[White "Wang, Jason"]
[Black "Hardaway, Brewington"]
[Result "1/2-1/2"]
[WhiteElo "2425"]
[BlackElo "2459"]
[PlyCount "64"]
[EventDate "2024.07.16"]
[EventType "tourn"]
[EventRounds "9"]
[EventCountry "USA"]
[EventCategory "9"]
[SourceTitle "EXT 2025"]
[Source "ChessBase"]
[SourceDate "2024.10.14"]
[SourceVersion "1"]
[SourceVersionDate "2024.10.14"]
[SourceQuality "1"]

1. d4 d5 2. c4 dxc4 3. Nf3 Nf6 4. e3 e6 5. Bxc4 a6 6. 0-0 c5 7. b3 b5 8. Be2 Bb7 9. Bb2 Nbd7 10. a4 b4 11. Nbd2 Be7 12. Nc4 0-0 13. Nfe5 cxd4 14. Nxd7 Nxd7 15. Bxd4 Bd5 16. Qc2 Rc8 17. Rad1 Bf6 18. Qb2 Qc7 19. e4 Bxc4 20. Bxc4 Bxd4 21. Rxd4 Nc5 22. f3 e5 23. Rd2 Nxa4 24. Bxf7+ Rxf7 25. bxa4 Qc5+ 26. Rff2 Qc3 27. Qxc3 Rxc3 28. Rd6 Rf6 29. Rd8+ Rf8 30. Rd6 Rf6 31. Rd8+ Rf8 32. Rd6 Rf6 1/2-1/2

[Event "USA-ch U20"]
[Site "Saint Louis"]
[Date "2024.07.16"]
[Round "1"]
[White "Wang, Jason"]
[Black "Hong, Andrew Z"]
[Result "0-1"]
[WhiteElo "2425"]
[BlackElo "2570"]
[PlyCount "134"]
[EventDate "2024.07.16"]
[EventType "tourn"]
[EventRounds "9"]
[EventCountry "USA"]
[EventCategory "9"]
[SourceTitle "EXT 2025"]
[Source "ChessBase"]
[SourceDate "2024.10.14"]
[SourceVersion "1"]
[SourceVersionDate "2024.10.14"]
[SourceQuality "1"]

1. d4 Nf6 2. c4 e6 3. Nf3 d5 4. g3 Bb4+ 5. Bd2 a5 6. Qc2 0-0 7. Bg2 Be7 8. 0-0 c6 9. Bf4 Nbd7 10. cxd5 exd5 11. Nc3 Nb6 12. Rad1 g6 13. Ne5 Bf5 14. Qc1 a4 15. h3 Nfd7 16. g4 Be6 17. Bh6 Re8 18. f4 f5 19. gxf5 Bxf5 20. e4 dxe4 21. Bxe4 Bxh3 22. Rf3 Nxe5 23. dxe5 Qc8 24. Qc2 Kh8 25. Qh2 Bf5 26. Rg3 Qe6 27. Qc2 Rg8 28. Kh2 a3 29. b3 Nd5 30. Qg2 Nxc3 31. Rxc3 g5 32. Bxf5 Qxf5 33. Rf1 g4 34. Kg1 Rg6 35. Bg5 Bxg5 36. fxg5 Qxe5 37. Qd2 Re8 38. Rd3 Rxg5 39. b4 Rf5 40. Rxf5 Qxf5 41. Rxa3 Rf8 42. Qd4+ Kg8 43. Qc4+ Kg7 44. Qd4+ Kg6 45. Qd3 h5 46. Qe2 Rf7 47. Ra5 Qf6 48. Re5 Qf4 49. Re6+ Rf6 50. Qd3+ Kg5 51. Rxf6 Qxf6 52. Qd2+ Kg6 53. Qd3+ Kg7 54. Qd7+ Qf7 55. Qd4+ Kg6 56. Qd6+ Kf5 57. Qd3+ Ke5 58. Qe3+ Kd6 59. Qc5+ Kd7 60. b5 Qxa2 61. bxc6+ bxc6 62. Qxh5 Qb1+ 63. Kf2 Qe4 64. Qf7+ Kd6 65. Qf6+ Kd5 66. Qf7+ Kd4 67. Qf6+ Kd3 0-1

[Event "US Masters op"]
[Site "Charlotte"]
[Date "2023.11.25"]
[Round "6"]
[White "Wang, Jason"]
[Black "Balakrishnan, Praveen"]
[Result "1/2-1/2"]
[WhiteElo "2431"]
[BlackElo "2521"]
[PlyCount "158"]
[EventDate "2023.11.22"]
[EventType "swiss"]
[EventRounds "9"]
[EventCountry "USA"]
[SourceTitle "CBM 217 Extra"]
[Source "ChessBase"]
[SourceDate "2024.01.31"]
[SourceVersion "1"]
[SourceVersionDate "2024.01.31"]
[SourceQuality "1"]

1. d4 Nf6 2. c4 e6 3. Nf3 d5 4. g3 Be7 5. Bg2 0-0 6. 0-0 dxc4 7. Qc2 a6 8. a4 Bd7 9. Qxc4 Bc6 10. Nc3 Bxf3 11. Bxf3 Nc6 12. Bxc6 bxc6 13. Qxc6 Qxd4 14. Qxc7 Bd6 15. Be3 Qe5 16. Qc4 Qf5 17. Rfd1 Rfc8 18. Qd3 Qh3 19. f3 Bc7 20. Bf2 h5 21. Ne4 Qf5 22. Nxf6+ Qxf6 23. b4 Rcb8 24. Qe4 Bd6 25. Rab1 Qe7 26. Bb6 Rc8 27. Qd4 Qb7 28. Rbc1 Be7 29. Kg2 Bf6 30. Rxc8+ Rxc8 31. Qd7 Qb8 32. a5 Rc2 33. Qd3 Qc8 34. Bc5 Rb2 35. Kf2 Qb7 36. Qd7 Qb8 37. Qc6 Bc3 38. Qxa6 Bxb4 39. Be3 Be7 40. Rc1 Qb3 41. Qa8+ Kh7 42. Qe4+ f5 43. Qc4 Qxc4 44. Rxc4 Ra2 45. Bb6 e5 46. Bc7 Ra3 47. Rc6 Bb4 48. a6 Bc3 49. e3 Ra2+ 50. Kf1 Bd2 51. e4 fxe4 52. fxe4 Be3 53. Bxe5 Rxh2 54. Rc3 Bb6 55. Rb3 Bc5 56. Rc3 Bb6 57. Rc6 Be3 58. Bb8 Rf2+ 59. Ke1 Ra2 60. Kf1 Rf2+ 61. Ke1 Ra2 62. Bf4 Bxf4 63. gxf4 h4 64. Kf1 Ra4 65. Re6 Kg8 66. Kg2 Kf7 67. f5 g6 68. Rxg6 Rxe4 69. Rb6 Ra4 70. Kh3 Kg7 71. Rc6 Kf7 72. Rg6 Kf8 73. Rh6 Kg7 74. Rb6 Kf7 75. Rg6 Kf8 76. Rg4 Rxa6 77. Kxh4 Kf7 78. Kg5 Rb6 79. Rh4 Ra6 1/2-1/2

[Event "Washington op 10th"]
[Site "Rockville"]
[Date "2023.08.15"]
[Round "8"]
[White "Wang, Jason"]
[Black "Fishbein, Alexander"]
[Result "1/2-1/2"]
[WhiteElo "2428"]
[BlackElo "2363"]
[PlyCount "148"]
[EventDate "2023.08.12"]
[EventType "swiss"]
[EventRounds "9"]
[EventCountry "USA"]
[SourceTitle "CBM 215 Extra"]
[Source "ChessBase"]
[SourceDate "2023.09.30"]
[SourceVersion "1"]
[SourceVersionDate "2023.09.30"]
[SourceQuality "1"]

1. d4 Nf6 2. c4 c5 3. d5 b5 4. cxb5 a6 5. bxa6 e6 6. Nc3 exd5 7. Nxd5 Be7 8. Nxe7 Qxe7 9. Bf4 d5 10. e3 0-0 11. Nf3 Nc6 12. a3 Rd8 13. Qa4 Na7 14. b4 Ne4 15. bxc5 Qxc5 16. Qb3 Bxa6 17. Nd4 Bxf1 18. Rxf1 Nc6 19. Nxc6 Qxc6 20. f3 Nc5 21. Qd1 Qa6 22. Kf2 d4 23. Qe2 d3 24. Qa2 d2 25. Rfd1 Nd3+ 26. Kg1 Nxf4 27. exf4 Qe2 28. Qb1 Re8 29. h3 Qe3+ 30. Kh1 Qxf4 31. Qd3 Rad8 32. Qf1 Qa4 33. Qf2 Qa5 34. a4 h6 35. Qf1 Re5 36. Qf2 Qc3 37. Rab1 Qd3 38. Qf1 Re2 39. Rb3 Qxb3 40. Qxe2 Qb4 41. Kg1 g6 42. Kf1 Kh7 43. Qe3 Qc4+ 44. Qe2 Qc3 45. Qe7 Qd3+ 46. Qe2 Qd5 47. Qb5 Qd4 48. Qe2 Qc3 49. Qe7 Qc4+ 50. Qe2 Qa2 51. Kf2 h5 52. Qe3 Qc2 53. Qe2 Rd5 54. Kf1 Qc3 55. Qe7 Qc4+ 56. Qe2 Qc5 57. Qb5 Qd6 58. Qe2 Qb4 59. Qe8 Kg7 60. Qe2 h4 61. Kf2 Qa5 62. Qe3 Qb4 63. Ke2 Qc4+ 64. Kf2 Qc2 65. Ke2 Qc7 66. Kf2 Qa5 67. Qe4 Qc5+ 68. Qe3 Qd6 69. Qc3+ Kh7 70. Qe3 Rd3 71. Qe2 Qd4+ 72. Kf1 Qc4 73. a5 Qa4 74. Rxd2 Ra3 1/2-1/2

[Event "Washington op 10th"]
[Site "Rockville"]
[Date "2023.08.14"]
[Round "6"]
[White "Wang, Jason"]
[Black "Brodsky, David"]
[Result "1/2-1/2"]
[WhiteElo "2428"]
[BlackElo "2493"]
[PlyCount "35"]
[EventDate "2023.08.12"]
[EventType "swiss"]
[EventRounds "9"]
[EventCountry "USA"]
[SourceTitle "CBM 215 Extra"]
[Source "ChessBase"]
[SourceDate "2023.09.30"]
[SourceVersion "1"]
[SourceVersionDate "2023.09.30"]
[SourceQuality "1"]

1. d4 Nf6 2. c4 e6 3. Nf3 d5 4. Nc3 c6 5. e3 Nbd7 6. Qc2 b6 7. Bd3 Bb7 8. 0-0 dxc4 9. Bxc4 a6 10. e4 b5 11. Be2 c5 12. d5 exd5 13. Nxd5 Bd6 14. Nxf6+ Qxf6 15. a4 Ne5 16. axb5 Nxf3+ 17. Bxf3 axb5 18. Rxa8+ 1/2-1/2

[Event "Washington op 10th"]
[Site "Rockville"]
[Date "2023.08.12"]
[Round "1"]
[White "Fishbein, Mitch"]
[Black "Wang, Jason"]
[Result "1/2-1/2"]
[WhiteElo "2157"]
[BlackElo "2428"]
[PlyCount "40"]
[EventDate "2023.08.12"]
[EventType "swiss"]
[EventRounds "9"]
[EventCountry "USA"]
[SourceTitle "CBM 215 Extra"]
[Source "ChessBase"]
[SourceDate "2023.09.30"]
[SourceVersion "1"]
[SourceVersionDate "2023.09.30"]
[SourceQuality "1"]

1. d4 d5 2. c4 e6 3. Nc3 Bb4 4. a3 Bxc3+ 5. bxc3 Nf6 6. e3 0-0 7. cxd5 exd5 8. Bd3 c5 9. Ne2 b6 10. 0-0 Ba6 11. f3 Bxd3 12. Qxd3 Re8 13. Ng3 Nc6 14. Bb2 h5 15. e4 h4 16. Nf5 h3 17. e5 hxg2 18. Rf2 Nh5 19. f4 g6 20. Qf3 cxd4 1/2-1/2

[Event "Chicago op 32nd"]
[Site "Chicago"]
[Date "2023.05.27"]
[Round "4"]
[White "Margvelashvili, Giorgi"]
[Black "Wang, Jason"]
[Result "1-0"]
[WhiteElo "2530"]
[BlackElo "2425"]
[PlyCount "107"]
[EventDate "2023.05.25"]
[EventType "swiss"]
[EventRounds "9"]
[EventCountry "USA"]
[SourceTitle "CBM 214 Extra"]
[Source "ChessBase"]
[SourceDate "2023.07.31"]
[SourceVersion "1"]
[SourceVersionDate "2023.07.31"]
[SourceQuality "1"]

1. Nf3 d5 2. e3 c5 3. c4 d4 4. d3 Nc6 5. exd4 cxd4 6. g3 Nf6 7. Bg2 e5 8. 0-0 Be7 9. Bg5 Nd7 10. Bxe7 Qxe7 11. Re1 0-0 12. Na3 Qd6 13. Qd2 f6 14. Nb5 Qb8 15. Nh4 a6 16. Na3 a5 17. Bd5+ Kh8 18. Qe2 g6 19. Nc2 Qd6 20. a3 a4 21. Nb4 Nxb4 22. axb4 Nb6 23. Be4 Qxb4 24. f4 Ra5 25. Bxg6 hxg6 26. Nxg6+ Kg7 27. Nxf8 Kxf8 28. Qh5 Qe7 29. b4 Ra8 30. fxe5 f5 31. Qh6+ Kf7 32. Qxb6 Ra6 33. Qxd4 Qxb4 34. Rab1 Qd2 35. e6+ Rxe6 36. Rxe6 Kxe6 37. Rb6+ Ke7 38. Qe5+ Kd8 39. Qf6+ Ke8 40. Qh8+ Kd7 41. Qg7+ Ke8 42. Qe5+ Kd8 43. Rd6+ Bd7 44. Qe6 Qc1+ 45. Kg2 Qb2+ 46. Kf3 Qg7 47. Qxf5 Kc7 48. Qc5+ Kb8 49. Rd4 Bc6+ 50. Ke3 Kc7 51. Rf4 Qb2 52. Rf7+ Kb8 53. Qd6+ Ka7 54. Qd4+ 1-0

[Event "North American op 32nd"]
[Site "Las Vegas"]
[Date "2022.12.29"]
[Round "8"]
[White "Matviishen, Viktor"]
[Black "Wang, Jason"]
[Result "0-1"]
[WhiteElo "2527"]
[BlackElo "2361"]
[PlyCount "108"]
[EventDate "2022.12.26"]
[EventType "swiss"]
[EventRounds "9"]
[EventCountry "USA"]
[SourceTitle "CBM 211 Extra"]
[Source "ChessBase"]
[SourceDate "2023.01.31"]
[SourceVersion "1"]
[SourceVersionDate "2023.01.31"]
[SourceQuality "1"]

1. d4 d5 2. c4 dxc4 3. e3 c5 4. Bxc4 cxd4 5. exd4 Qc7 6. Qd3 Nc6 7. Nf3 Nf6 8. 0-0 e6 9. Nc3 Be7 10. Bg5 0-0 11. a3 Rd8 12. Ba2 Ng4 13. Bxe7 Nxe7 14. Rfe1 Nf6 15. Ne5 Nc6 16. Rad1 Ne7 17. Qf3 Ned5 18. Nxd5 exd5 19. Bb1 Be6 20. Qf4 Rac8 21. Rd3 Ne4 22. Rde3 Qb6 23. Bxe4 dxe4 24. Rxe4 Qxb2 25. a4 Qa3 26. h4 Qd6 27. h5 f6 28. Nd3 Qxf4 29. Nxf4 Bf5 30. Re7 Rxd4 31. g3 Rd7 32. h6 gxh6 33. Nh5 Rf8 34. a5 Bg4 35. Rxd7 Bxd7 36. f3 Kf7 37. Rd1 Bc6 38. Kf2 Re8 39. g4 Re5 40. Ra1 Rc5 41. Ra3 f5 42. Kg3 fxg4 43. fxg4 Rc4 44. Rd3 Ra4 45. Rd6 Rxa5 46. Rxh6 Be4 47. Rd6 Rd5 48. Rf6+ Ke7 49. Rf1 Bg6 50. Nf4 Rd6 51. Kh4 b5 52. Ra1 a6 53. Kg5 Kd7 54. Rc1 b4 0-1

[Event "North American op 32nd"]
[Site "Las Vegas"]
[Date "2022.12.29"]
[Round "7"]
[White "Wang, Jason"]
[Black "Khanin, Semen"]
[Result "1/2-1/2"]
[WhiteElo "2361"]
[BlackElo "2575"]
[PlyCount "37"]
[EventDate "2022.12.26"]
[EventType "swiss"]
[EventRounds "9"]
[EventCountry "USA"]
[SourceTitle "CBM 211 Extra"]
[Source "ChessBase"]
[SourceDate "2023.01.31"]
[SourceVersion "1"]
[SourceVersionDate "2023.01.31"]
[SourceQuality "1"]

1. d4 Nf6 2. c4 e6 3. Nf3 d5 4. Nc3 Be7 5. cxd5 exd5 6. Bg5 h6 7. Bh4 c6 8. Qc2 g6 9. e3 Bf5 10. Bd3 Bxd3 11. Qxd3 Nbd7 12. Bg3 0-0 13. h3 Re8 14. 0-0 Bf8 15. Bh2 Ne4 16. Ne5 Nxe5 17. Bxe5 Bg7 18. Bxg7 Kxg7 19. Nxe4 1/2-1/2

[Event "US Masters op"]
[Site "Charlotte"]
[Date "2022.11.27"]
[Round "9"]
[White "Wang, Jason"]
[Black "Budisavljevic, Luka"]
[Result "1/2-1/2"]
[WhiteElo "2345"]
[BlackElo "2505"]
[PlyCount "76"]
[EventDate "2022.11.23"]
[EventType "swiss"]
[EventRounds "9"]
[EventCountry "USA"]
[SourceTitle "CBM 211 Extra"]
[Source "ChessBase"]
[SourceDate "2023.01.31"]
[SourceVersion "1"]
[SourceVersionDate "2023.01.31"]
[SourceQuality "1"]

1. d4 Nf6 2. c4 e6 3. Nf3 b6 4. a3 Ba6 5. Qc2 Bb7 6. Nc3 c5 7. dxc5 bxc5 8. Bf4 Nh5 9. Bg5 Qc7 10. e4 a6 11. g3 Nc6 12. Bg2 h6 13. Be3 Be7 14. 0-0 d6 15. Rab1 a5 16. Rfd1 Rd8 17. Ne1 Nf6 18. h3 0-0 19. Qd2 Qb8 20. f4 Rfe8 21. Qf2 Nd7 22. b3 Rf8 23. Nc2 Qa8 24. Rd2 Nf6 25. Re1 Rfe8 26. Nb5 Qb8 27. Nc3 Bf8 28. Red1 Ba8 29. Rb1 Rd7 30. g4 Rdd8 31. Bf3 Nh7 32. h4 g6 33. g5 h5 34. Rd3 Bg7 35. Bg2 Kh8 36. Nb5 Na7 37. Nxa7 Qxa7 38. Rbd1 Qc7 1/2-1/2

[Event "World op 50th"]
[Site "Philadelphia"]
[Date "2022.07.03"]
[Round "7"]
[White "Finegold, Benjamin"]
[Black "Wang, Jason"]
[Result "1/2-1/2"]
[WhiteElo "2406"]
[BlackElo "2325"]
[PlyCount "97"]
[EventDate "2022.06.30"]
[EventType "swiss"]
[EventRounds "9"]
[EventCountry "USA"]
[SourceTitle "CBM 209 Extra"]
[Source "ChessBase"]
[SourceDate "2022.09.30"]
[SourceVersion "1"]
[SourceVersionDate "2022.09.30"]
[SourceQuality "1"]

1. d4 d5 2. c4 dxc4 3. e3 e5 4. Bxc4 exd4 5. exd4 Bd6 6. Nf3 Nf6 7. Qe2+ Qe7 8. Qxe7+ Bxe7 9. 0-0 0-0 10. Nc3 a6 11. Bf4 Bd6 12. Bxd6 cxd6 13. Nd5 Nxd5 14. Bxd5 Nc6 15. Bxc6 bxc6 16. Rac1 Bd7 17. Nd2 Rab8 18. Nc4 Be6 19. b3 Bxc4 20. Rxc4 Rfc8 21. Rfc1 Rb6 22. d5 c5 23. b4 Kf8 24. g3 Ke7 25. bxc5 Rxc5 26. Rxc5 dxc5 27. Rxc5 Kd6 28. Ra5 Ke5 29. Kg2 Kd4 30. h4 Kc4 31. a3 Kd4 32. Kh3 Rd6 33. g4 h6 34. h5 Rb6 35. Kg3 g5 36. hxg6 fxg6 37. Kh4 Rd6 38. f4 Rb6 39. g5 hxg5+ 40. Kxg5 Rd6 41. Ra4+ Kxd5 42. Rb4 Kc5 43. Rb3 Kc4 44. Rb4+ Kc5 45. Re4 Rd3 46. Re5+ Kc4 47. a4 Rd6 48. Re4+ Kc5 49. a5 1/2-1/2

[Event "Philadelphia int op 15th"]
[Site "Philadelphia"]
[Date "2022.06.25"]
[Round "2"]
[White "Wang, Jason"]
[Black "Noritsyn, Nikolay"]
[Result "1/2-1/2"]
[WhiteElo "2273"]
[BlackElo "2488"]
[PlyCount "147"]
[EventDate "2022.06.24"]
[EventType "swiss"]
[EventRounds "9"]
[EventCountry "USA"]
[SourceTitle "CBM 209 Extra"]
[Source "ChessBase"]
[SourceDate "2022.09.30"]
[SourceVersion "1"]
[SourceVersionDate "2022.09.30"]
[SourceQuality "1"]

1. d4 e6 2. c4 Bb4+ 3. Nd2 c5 4. a3 Bxd2+ 5. Qxd2 cxd4 6. Qxd4 Nf6 7. Nf3 Nc6 8. Qc3 0-0 9. Bg5 b6 10. e3 Bb7 11. Bd3 Rc8 12. Rd1 Na5 13. Qd4 h6 14. Bh4 Qe7 15. b4 Nc6 16. Qb2 d6 17. 0-0 e5 18. Nd2 Nb8 19. Be4 g5 20. Bxb7 Qxb7 21. Bg3 Nbd7 22. Qb1 Rfe8 23. h4 Nf8 24. hxg5 hxg5 25. Rc1 Re6 26. Rfd1 Ng6 27. Qf5 g4 28. f3 gxf3 29. gxf3 Kg7 30. Kf2 b5 31. cxb5 Rxc1 32. Rxc1 Qxb5 33. Rc7 Qd5 34. Ke2 a6 35. Ne4 Qb5+ 36. Ke1 Qe8 37. Rxf7+ Qxf7 38. Ng5 Qe8 39. Nxe6+ Kf7 40. Ng5+ Kg7 41. Qe6 Qe7 42. Qxe7+ Nxe7 43. Ne6+ Kf7 44. Nc7 Nfd5 45. Nxd5 Nxd5 46. Kd2 Ke6 47. Kd3 Nb6 48. f4 d5 49. fxe5 Nc4 50. a4 Nb2+ 51. Kd4 Nxa4 52. e4 dxe4 53. Kxe4 Nc3+ 54. Kd3 Nd5 55. Kc4 Nb6+ 56. Kc5 Nd5 57. Bh2 Ne7 58. Bf4 Nd5 59. Bg3 Ne7 60. Bh4 Nd5 61. Bf6 Nc3 62. Bh8 Nd5 63. Bg7 Nf4 64. Kd4 Ng6 65. Bf6 Nf4 66. Bg7 Ng6 67. Ke4 Kf7 68. Bh6 Ke6 69. Bf4 Ne7 70. Bd2 Nc6 71. Bc3 Na7 72. Bd4 Nc6 73. Bc3 Na7 74. Bd4 1/2-1/2

[Event "North American-ch U20"]
[Site "Charlotte"]
[Date "2021.12.22"]
[Round "6"]
[White "Wang, Jason"]
[Black "Fishbein, Mitch"]
[Result "1/2-1/2"]
[WhiteElo "2325"]
[BlackElo "2129"]
[PlyCount "64"]
[EventDate "2021.12.19"]
[EventType "swiss"]
[EventRounds "9"]
[EventCountry "USA"]
[SourceTitle "CBM 205 Extra"]
[Source "ChessBase"]
[SourceDate "2022.01.31"]
[SourceVersion "1"]
[SourceVersionDate "2022.01.31"]
[SourceQuality "1"]

1. d4 Nf6 2. c4 e6 3. Nf3 Bb4+ 4. Nbd2 0-0 5. a3 Be7 6. e4 d6 7. Be2 e5 8. dxe5 dxe5 9. Nxe5 Re8 10. 0-0 Bf8 11. f4 a5 12. Qc2 Na6 13. Rd1 Qd4+ 14. Kh1 Nc5 15. Bf3 Qe3 16. Nf1 Qb3 17. Qxb3 Nxb3 18. Rb1 Nxc1 19. Rbxc1 Bd6 20. Nd3 Nxe4 21. c5 Bf8 22. Re1 f5 23. Nd2 Rd8 24. Nxe4 Rxd3 25. Nc3 c6 26. Na4 Bd7 27. Nb6 Re8 28. Be2 Rd2 29. Bc4+ Kh8 30. b4 axb4 31. axb4 Rxe1+ 32. Rxe1 g6 1/2-1/2

[Event "US Masters"]
[Site "Charlotte"]
[Date "2021.11.25"]
[Round "3"]
[White "Raja, Harshit"]
[Black "Wang, Jason"]
[Result "1/2-1/2"]
[WhiteElo "2494"]
[BlackElo "2317"]
[PlyCount "237"]
[EventDate "2021.11.24"]
[EventType "swiss"]
[EventRounds "9"]
[EventCountry "USA"]
[SourceTitle "CBM 205 Extra"]
[Source "ChessBase"]
[SourceDate "2022.01.31"]
[SourceVersion "1"]
[SourceVersionDate "2022.01.31"]
[SourceQuality "1"]

1. e4 c5 2. Nf3 e6 3. d4 cxd4 4. Nxd4 Nf6 5. Nc3 Nc6 6. Ndb5 Bc5 7. Bf4 0-0 8. Bc7 Qe7 9. Bd6 Bxd6 10. Qxd6 Qd8 11. Be2 a6 12. Nc7 Ra7 13. e5 Nxe5 14. Qxe5 b6 15. N7b5 axb5 16. Nxb5 Ra8 17. 0-0 d5 18. Rfd1 Qe7 19. c4 Bb7 20. Nd6 Qc7 21. Qg3 Ba6 22. Rac1 Qb8 23. b4 Rd8 24. b5 Bc8 25. cxd5 Rxd6 26. Rxc8+ Qxc8 27. Qxd6 Nxd5 28. Bf3 Rxa2 29. g3 h6 30. Bxd5 exd5 31. Qxd5 Qc2 32. Qf3 Kh7 33. Kg2 Qg6 34. h4 Ra7 35. h5 Qe6 36. Rd4 Re7 37. Qd3+ f5 38. Rd6 Qf7 39. Qf3 Re4 40. Rxb6 Qd5 41. Rb8 Qe5 42. Rb7 Qd5 43. Rb8 Qe5 44. b6 Qxb8 45. Qxf5+ Kh8 46. Qxe4 Qxb6 47. Qf5 Qb7+ 48. f3 Qb2+ 49. Kh3 Qa1 50. Qe4 Qf1+ 51. Kg4 Qb5 52. Qf5 Qc4+ 53. Qf4 Qe6+ 54. Kh4 Qe7+ 55. Kh3 Qe2 56. Qf8+ Kh7 57. Kg4 Qc4+ 58. Qf4 Qb3 59. Qe5 Kh8 60. Qe8+ Kh7 61. Kf4 Qa3 62. g4 Qc1+ 63. Qe3 Qc7+ 64. Qe5 Qc1+ 65. Kf5 Qc8+ 66. Qe6 Qf8+ 67. Ke4 Qb4+ 68. Kd3 Qa3+ 69. Ke2 Kh8 70. Qe8+ Kh7 71. f4 Qg3 72. Qe4+ Kh8 73. Qa8+ Kh7 74. Qf3 Qh2+ 75. Kd3 Qg1 76. f5 Qb1+ 77. Ke3 Qb6+ 78. Ke2 Qb5+ 79. Kf2 Qb2+ 80. Kg3 Qe5+ 81. Kh3 Qd4 82. Qb3 Qe4 83. Kg3 Qe1+ 84. Kf3 Qf1+ 85. Ke4 Qe2+ 86. Kf4 Qh2+ 87. Qg3 Qd2+ 88. Qe3 Qh2+ 89. Ke4 Qg2+ 90. Qf3 Qc2+ 91. Qd3 Qc6+ 92. Ke3 Kh8 93. Qd8+ Kh7 94. f6 Qe6+ 95. Kf4 gxf6 96. Qd3+ Kh8 97. Qd4 Kg7 98. Qa7+ Kg8 99. Qc7 Kh8 100. Qa5 Kg7 101. Qc5 Qd7 102. Qc2 Qd6+ 103. Kf3 Qd5+ 104. Qe4 Qg5 105. Qe7+ Kg8 106. Qe6+ Kg7 107. Ke4 Kf8 108. Qd6+ Kg7 109. Qd7+ Kf8 110. Qc8+ Ke7 111. Qb7+ Ke6 112. Kf3 Qd5+ 113. Qxd5+ Kxd5 114. Kf4 Ke6 115. Ke4 Ke7 116. Kd5 Kd7 117. Ke4 Ke7 118. Kf5 Kf7 119. Ke4 1/2-1/2

[Event "Las Vegas National op"]
[Site "Las Vegas"]
[Date "2021.06.19"]
[Round "6"]
[White "Shabalov, Alexander"]
[Black "Wang, Jason"]
[Result "1-0"]
[WhiteElo "2532"]
[BlackElo "2312"]
[PlyCount "65"]
[EventDate "2021.06.16"]
[EventType "swiss"]
[EventRounds "9"]
[EventCountry "USA"]
[SourceTitle "CBM 203 Extra"]
[Source "ChessBase"]
[SourceDate "2021.09.30"]
[SourceVersion "1"]
[SourceVersionDate "2021.09.30"]
[SourceQuality "1"]

1. e4 c5 2. Nf3 e6 3. d4 cxd4 4. Nxd4 a6 5. c4 Nf6 6. Nc3 Bb4 7. Nc2 Bxc3+ 8. bxc3 Qa5 9. Qd4 Nc6 10. Qe3 Qe5 11. Bd3 Qxc3+ 12. Bd2 Qe5 13. f4 Qc7 14. e5 Ng8 15. Qg3 Kf8 16. 0-0 f5 17. exf6 Nxf6 18. Rae1 b5 19. Bc3 bxc4 20. Bxc4 Ne7 21. Ne3 d5 22. Be5 Qb6 23. Bd3 Nf5 24. Bxf5 exf5 25. Kh1 Qe6 26. Nxd5 Qxd5 27. Bxf6 gxf6 28. Qa3+ Kg8 29. Re8+ Kf7 30. Re7+ Kg6 31. Qg3+ Kh5 32. Rg7 Kh6 33. Rg5 1-0

[Event "Las Vegas National op"]
[Site "Las Vegas"]
[Date "2021.06.17"]
[Round "2"]
[White "Checa, Nicolas D"]
[Black "Wang, Jason"]
[Result "1/2-1/2"]
[WhiteElo "2574"]
[BlackElo "2312"]
[PlyCount "114"]
[EventDate "2021.06.16"]
[EventType "swiss"]
[EventRounds "9"]
[EventCountry "USA"]
[SourceTitle "CBM 203 Extra"]
[Source "ChessBase"]
[SourceDate "2021.09.30"]
[SourceVersion "1"]
[SourceVersionDate "2021.09.30"]
[SourceQuality "1"]

1. d4 d5 2. c4 dxc4 3. e4 Nf6 4. e5 Nd5 5. Bxc4 Nb6 6. Bd3 Nc6 7. Ne2 Bg4 8. f3 Be6 9. Nbc3 Qd7 10. Ne4 Bd5 11. Nc5 Qc8 12. a3 e6 13. Qc2 Bxc5 14. Qxc5 Qd7 15. Bg5 a6 16. b4 Nc4 17. Bxc4 b6 18. Qxd5 exd5 19. Bd3 0-0 20. 0-0 Nd8 21. Be3 f5 22. Nf4 Ne6 23. Nxe6 Qxe6 24. Rac1 c6 25. Rc3 a5 26. Rfc1 axb4 27. Rxc6 Qxc6 28. Rxc6 bxa3 29. Bc1 a2 30. Bb2 Rfc8 31. Rxc8+ Rxc8 32. Bxf5 Rc1+ 33. Kf2 g6 34. Be6+ Kg7 35. Kg3 a1Q 36. Bxa1 Rxa1 37. Kf4 Ra4 38. Ke3 Ra3+ 39. Kd2 Ra2+ 40. Ke3 Rxg2 41. h3 Rh2 42. Bxd5 Rxh3 43. Bc6 Rh1 44. d5 Kf7 45. d6 Ke6 46. Bd5+ Kd7 47. f4 Re1+ 48. Kd4 Rd1+ 49. Kc4 Rc1+ 50. Kd4 b5 51. Bg8 b4 52. Bxh7 b3 53. Bxg6 b2 54. Bf5+ Kc6 55. Be4+ Kd7 56. Bf5+ Kc6 57. Be4+ Kd7 1/2-1/2

[Event "PNWCC Super G60 Mar Gp1"]
[Site "Chess.com INT"]
[Date "2021.03.28"]
[Round "4"]
[White "Wang, Jason"]
[Black "Huda, Maryana"]
[Result "1-0"]
[WhiteElo "2312"]
[BlackElo "2128"]
[PlyCount "93"]
[EventDate "2021.03.27"]
[EventType "swiss (rapid)"]
[EventRounds "6"]
[EventCountry "USA"]
[SourceTitle "CBM 201 Extra"]
[Source "ChessBase"]
[SourceDate "2021.05.31"]
[SourceVersion "1"]
[SourceVersionDate "2021.05.31"]
[SourceQuality "1"]

1. d4 d5 2. c4 c6 3. Nf3 Nf6 4. Qc2 dxc4 5. Qxc4 Bf5 6. g3 e6 7. Bg2 Nbd7 8. 0-0 Be7 9. e3 0-0 10. Qe2 Qc7 11. Nc3 Ne4 12. Nd2 Nxd2 13. Bxd2 h6 14. Rac1 Bh7 15. e4 Rfe8 16. Be3 Rad8 17. f4 Qa5 18. a3 Nb6 19. Kh1 Na4 20. b4 Nxc3 21. Rxc3 Qa4 22. Qc2 Qxc2 23. Rxc2 a5 24. bxa5 Ra8 25. Rb1 Rxa5 26. Rxb7 Rxa3 27. Bg1 Bf8 28. Rxc6 Ra2 29. Bf3 Rea8 30. Rcb6 Rc2 31. Rb2 Rc1 32. Kg2 Re1 33. Bf2 Rxe4 34. Rb8 Ra3 35. Rd8 g5 36. Rbb8 Kg7 37. Rxf8 gxf4 38. Rh8 Ree3 39. Bxe3 fxe3 40. Rxh7+ Kxh7 41. Be2 Kg6 42. Kf3 h5 43. Rb5 h4 44. gxh4 f5 45. Rb6 Kh5 46. Rxe6 Kxh4 47. Kf4 1-0